000 00562nam a2200193Ia 4500
005 20250508155733.0
008 008 250505s9999 xx 000 0 eng d
037 _aTextual
040 _aFEDL
_beng
_cFEDL
041 _aeng
_2eng
084 _a027.8, BRO
_qFEDL
100 _aBrown James W
245 0 _aMulti-media and the changing school library
260 _aCalifornia, USA
_bHarry J. Skelly, Chief, Bureau
_c1967
300 _axi,146p.
650 _aSchool libraries
_9756592
942 _cTEXL
_h027.8, BRO
999 _c1359040
_d1359040